• 首页
  • 本馆介绍
  • 公告通知
  • 最新文献
  • 馆藏检索
  • 电子资源
  • 读者导购
  • 参考咨询
  • 我的图书馆
  • 登录
  • 详细信息显示
  • 放入我的书架
  • 预约/预借图书
  • 作者相关作品
  • 分类相关作品
  • 丛书相关作品
  • 出版社相关作品

书目信息

  • 表格格式
  • 工作单格式
  • 卡片格式
题名:
社会变迁中的乡村道德失范与重构
    
 
作者: 杨智 著
分册:  
出版信息: 北京   光明日报出版社  2022.06
页数: 245页
开本: 24cm
丛书名: 光明社科文库
单 册:
中图分类: B82-092 , D422.62
科图分类:
主题词: 土家族--tu jia zu--农村--伦理--研究--贵州 , 土家族--tu jia zu--农村--道德建设--研究--贵州
电子资源:
ISBN: 978-7-5194-6323-6
000 01693nam 2200337 450
001 CAL 012022043197
005 20230217093113.0
010    @a978-7-5194-6323-6@b精装@dCNY95.00
100    @a20221031d2022 em y0chiy0120 ea
101 0  @achi
102    @aCN@b110000
105    @aa a 000yy
106    @ar
200 1  @a社会变迁中的乡村道德失范与重构@Ashe hui bian qian zhong de xiang cun dao de shi fan yu chong gou@e基于乌江流域土家族L村寨的实证研究@f杨智著
210    @a北京@c光明日报出版社@d2022.06
215    @a245页@c图@d24cm
225 2  @a光明社科文库@Aguang ming she ke wen ku@i法律与社会书系
300    @a国家社科基金教育学一般项目“易地扶贫搬迁移民内生发展能力提升的社区教育赋能机制研究” ; 贵州民族教育示范服务平台 ; 贵州师范学院一流学科“教育学”
314    @a杨智, 教育学博士, 民族学博士后, 贵州师范大学教授。
320    @a有书目 (第240-245页)
330    @a本书以乌江流域土家族谷溪片区为例, 深度探讨土家族乡村伦理道德的重建。第一章, 讨论研究土家族乡村道德的必要性, 我国和西方的道德思想、道德实践, 以及界定本研究相关概念。第二章和第三章, 讨论土家族乡村道德产生的基础及其分类。第四章和第五章, 讨论乡村道德的实践载体和传习机理。第六章和第七章, 讨论传统道德习俗失效后现代乡村道德建设面临的困境及重构策略。
410  0 @12001 @a光明社科文库@i法律与社会书系
517 1  @a基于乌江流域土家族L村寨的实证研究@Aji yu wu jiang liu yu tu jia zu l cun zhai de shi zheng yan jiu
606 0  @a土家族@Atu jia zu@x农村@x伦理@x研究@y贵州
606 0  @a土家族@Atu jia zu@x农村@x道德建设@x研究@y贵州
690    @aB82-092@v5
690    @aD422.62@v5
701  0 @a杨智@Ayang zhi@4著
801  0 @aCN@bBJXHZP@c20230228
905    @b1380499-502@dB82-092@e1951@f4
906    @aRTGM
    
    社会变迁中的乡村道德失范与重构:基于乌江流域土家族L村寨的实证研究/杨智著.-北京:光明日报出版社,2022.06
    245页:图;24cm.-(光明社科文库.法律与社会书系)
    国家社科基金教育学一般项目“易地扶贫搬迁移民内生发展能力提升的社区教育赋能机制研究” ; 贵州民族教育示范服务平台 ; 贵州师范学院一流学科“教育学”
    
    ISBN 978-7-5194-6323-6(精装):CNY95.00
    本书以乌江流域土家族谷溪片区为例, 深度探讨土家族乡村伦理道德的重建。第一章, 讨论研究土家族乡村道德的必要性, 我国和西方的道德思想、道德实践, 以及界定本研究相关概念。第二章和第三章, 讨论土家族乡村道德产生的基础及其分类。第四章和第五章, 讨论乡村道德的实践载体和传习机理。第六章和第七章, 讨论传统道德习俗失效后现代乡村道德建设面临的困境及重构策略。
●
相关链接 在E读中查询图书 在五车中查询图书 在当当中查询图书 在豆瓣中查询图书


正题名:社会变迁中的乡村道德失范与重构     索取号:B82-092/1951         预约/预借

序号 登录号 条形码 馆藏地/架位号 状态 备注
1 1380499   213804999   第一样本阅览室/ [索取号:B82-092/1951] 在馆    
2 1380500   213805006   第一借阅区/ [索取号:B82-092/1951] 在馆    
3 1380501   213805015   第一借阅区/ [索取号:B82-092/1951] 在馆    
4 1380502   213805024   第一借阅区/ [索取号:B82-092/1951] 在馆    
唐山师范学院图书馆 欢迎您!
大连网信软件有限公司© 版权所有